000
00221nam a22000857a 4500
008
161124b xxu||||| |||| 00| 0 eng d
100
_9
1396
_a
BPI India
245
_a
The Stork and the Crab
260
_a
New Delhi
_b
BPI India
_c
2011
999
_c
4112
_d
4112